Villas : (Record no. 19128)
[ view plain ]
| 000 -LEADER | |
|---|---|
| fixed length control field | 01417cam a22003851a 4500 |
| 001 - CONTROL NUMBER | |
| control field | 17979099 |
| 003 - CONTROL NUMBER IDENTIFIER | |
| control field | EG-ScBUE |
| 005 - DATE AND TIME OF LATEST TRANSACTION | |
| control field | 20221215100645.0 |
| 008 - FIXED-LENGTH DATA ELEMENTS--GENERAL INFORMATION | |
| fixed length control field | 131213s2014 sz o f 001 0 eng d |
| 020 ## - INTERNATIONAL STANDARD BOOK NUMBER | |
| International Standard Book Number | 9783037681589 (hd.bd.) |
| 020 ## - INTERNATIONAL STANDARD BOOK NUMBER | |
| International Standard Book Number | 3037681586 (hd.bd.) |
| 020 ## - INTERNATIONAL STANDARD BOOK NUMBER | |
| International Standard Book Number | 9783905982138 |
| 040 ## - CATALOGING SOURCE | |
| Original cataloging agency | OHX |
| Language of cataloging | eng |
| Description conventions | rda |
| Transcribing agency | OHX |
| Modifying agency | JPG |
| -- | DLC |
| -- | EG-ScBUE |
| 041 1# - LANGUAGE CODE | |
| Language code of text/sound track or separate title | eng |
| -- | fre |
| -- | ger |
| Language code of original and/or intermediate translations of text | und |
| 082 04 - DEWEY DECIMAL CLASSIFICATION NUMBER | |
| Classification number | 728 |
| Item number | KRA |
| Edition number | 22 |
| 100 1# - MAIN ENTRY--PERSONAL NAME | |
| Personal name | Kramer, Sibylle, |
| Dates associated with a name | 1967- |
| Relator term | author. |
| 9 (RLIN) | 37508 |
| 245 10 - TITLE STATEMENT | |
| Title | Villas : |
| Remainder of title | Superb residential style = Des résidences superbes de grand style / |
| Statement of responsibility, etc | Sibylle Kramer ; [translation into German, Dagmar Glück ; translation into English, Cosima Talhouni] |
| 246 31 - VARYING FORM OF TITLE | |
| Title proper/short title | Résidences superbes de grand style |
| 250 ## - EDITION STATEMENT | |
| Edition statement | First edition. |
| 264 #1 - PUBLICATION, DISTRIBUTION, ETC. (IMPRINT) | |
| Place of publication, distribution, etc | [Salenstein] : |
| Name of publisher, distributor, etc | Braun Publishing AG, |
| Date of publication, distribution, etc | 2014. |
| 300 ## - PHYSICAL DESCRIPTION | |
| Extent | 351 pages : |
| Other physical details | photographs ; |
| Dimensions | 30 cm |
| 336 ## - CONTENT TYPE | |
| Source | rdacontent |
| Content type term | text |
| Content type code | txt |
| 337 ## - MEDIA TYPE | |
| Source | rdamedia |
| Media type term | unmediated |
| Media type code | n |
| 338 ## - CARRIER TYPE | |
| Source | rdacarrier |
| Carrier type term | volume |
| Carrier type code | nc |
| 500 ## - GENERAL NOTE | |
| General note | Includes index.<br/> |
| 546 ## - LANGUAGE NOTE | |
| Language note | Text in English, German and French. |
| 650 #7 - SUBJECT ADDED ENTRY--TOPICAL TERM | |
| Topical term or geographic name as entry element | Suburban homes |
| Form subdivision | Pictorial works. |
| Source of heading or term | BUEsh |
| 9 (RLIN) | 37512 |
| 650 #7 - SUBJECT ADDED ENTRY--TOPICAL TERM | |
| Topical term or geographic name as entry element | Architecture, Domestic |
| Form subdivision | Pictorial works. |
| Source of heading or term | BUEsh |
| 9 (RLIN) | 1892 |
| 651 ## - SUBJECT ADDED ENTRY--GEOGRAPHIC NAME | |
| Source of heading or term | BUEsh |
| 653 ## - INDEX TERM--UNCONTROLLED | |
| Resource For college | Engineering, Architecture |
| -- | Engineering, General |
| Arrived date list | March2015 |
| 655 ## - INDEX TERM--GENRE/FORM | |
| Form subdivision | Reading book |
| 700 1# - ADDED ENTRY--PERSONAL NAME | |
| Personal name | Glück, Dagmar |
| Relator term | translator. |
| 9 (RLIN) | 37509 |
| 700 1# - ADDED ENTRY--PERSONAL NAME | |
| Personal name | Talhouni, Cosima |
| Relator term | translator. |
| 9 (RLIN) | 37511 |
| 942 ## - ADDED ENTRY ELEMENTS (KOHA) | |
| Source of classification or shelving scheme | Dewey Decimal Classification |
| Call number prefix | 728 KRA |
| Koha item type | Book - Borrowing |
| Withdrawn status | Lost status | Source of classification or shelving scheme | Damaged status | Not for loan | Collection code | Home library | Current library | Shelving location | Date acquired | Source of acquisition | Cost, normal purchase price | Serial Enumeration / chronology | Total Checkouts | Full call number | Barcode | Date last seen | Date checked out | Cost, replacement price | Koha item type |
|---|---|---|---|---|---|---|---|---|---|---|---|---|---|---|---|---|---|---|---|
| Dewey Decimal Classification | Alahram | Central Library | Central Library | Second Floor | 29/03/2015 | Purchase | 495.00 | 318 | 2 | 728 KRA | 000037857 | 15/07/2025 | 13/11/2016 | 618.75 | Book - Borrowing |